Bag It All (Record no. 95005)

MARC details
000 -LEADER
fixed length control field 00482nam a2200205Ia 4500
008 - FIXED-LENGTH DATA ELEMENTS--GENERAL INFORMATION
fixed length control field 230125s9999 xx 000 0 und d
020 ## - INTERNATIONAL STANDARD BOOK NUMBER
International Standard Book Number 978-81-8495-981-9
041 ## - LANGUAGE CODE
Language code of text/sound track or separate title eng
082 ## - DEWEY DECIMAL CLASSIFICATION NUMBER
Classification number 920.72
Item number LEK
100 ## - MAIN ENTRY--PERSONAL NAME
Personal name Lekhi N
9 (RLIN) 117260
245 ## - TITLE STATEMENT
Title Bag It All
250 ## - EDITION STATEMENT
Edition statement 1st Ed.
260 ## - PUBLICATION, DISTRIBUTION, ETC. (IMPRINT)
Date of publication, distribution, etc. 2017
Name of publisher, distributor, etc. Jaico Publishing House
Place of publication, distribution, etc. Mumbai
300 ## - PHYSICAL DESCRIPTION
Extent 214p
440 ## - SERIES STATEMENT/ADDED ENTRY--TITLE
Volume/sequential designation 1
650 ## - SUBJECT ADDED ENTRY--TOPICAL TERM
Topical term or geographic name as entry element Biography-Women
700 ## - ADDED ENTRY--PERSONAL NAME
Personal name Lekhi N
9 (RLIN) 117260
906 ## - LOCAL DATA ELEMENT F, LDF (RLIN)
b 27
Holdings
Withdrawn status Lost status Damaged status Not for loan Home library Current library Date acquired Vendor Cost, normal purchase price Bill number Total Checkouts Full call number Barcode Date last seen Date last checked out Cost, replacement price Bill Date Koha item type Original Barcode Total Renewals
        Smt. Hiraben Nanavati Institute of Management & Research for Women Smt. Hiraben Nanavati Institute of Management & Research for Women 16/02/2019 Pritam Book Centre 299.00 10782 6 920.72 LEK B18419 HIMR-BK-18419 24/03/2026 20/03/2026 272.00 15/02/2018 Books B18419  
        Smt. Hiraben Nanavati Institute of Management & Research for Women Smt. Hiraben Nanavati Institute of Management & Research for Women 14/02/2019 Pritam Book Centre 299.00 10772 4 920.72 LEK B18385 HIMR-BK-18385 11/01/2024 24/11/2023 272.00 15/02/2018 Books B18385 1